Une lettre suffit pour répondre juste #19 (attention 10 lettres tuent) - Statistiques

Statistiques générales
  • Ce quiz a été pris 137 fois
  • Le résultat moyen est 2 sur 6
Statistiques - réponses
Hint Réponse % Correct
Donne une des 5 lettres du nom simplifié du genre de l'oiseau en image
CYGNE
100%
Donne une des 4 lettres du prénom de cette femme politique et juriste (apatride et palestinienne puis française depuis 2010)
RIMA
87%
Donne une des 3 lettres du nom de cet auteur de bandes dessinées français qui a quitté Charlie Hebdo en septembre 2015
LUZ
30%
Donne la lettre qui complète la locution populaire désignant la capacité d'une personne à s'adapter rapidement et à improviser pour résoudre des problèmes : système ? D
10%
Donne une des 2 lettres (initiales de son prénom) sous lequel était connu ce candidat (mort en 2011) de Secret Story saison 3 en France
FX
10%
Donne la lettre qui est en braille en image
J
2%
Aucun quiz correspondant
Distribution des résultats
% des personnes avec chaque résultat
Percentile par nombre de réponses
Votre historique - résultats
Vous n’avez pas pris ce quiz